[Event "Titled Tuesday intern op 16th Apr Early"]
[Site "Chess.com INT"]
[Date "2024.04.16"]
[Round "10"]
[White "Amador Garcia, Ismael"]
[Black "Filindash, Nikita"]
[Result "1-0"]
[WhiteElo "2233"]
[BlackElo "2282"]
[PlyCount "159"]
[EventDate "2024.04.16"]
[EventType "swiss (blitz)"]
[EventRounds "11"]
[EventCountry "USA"]
[SourceTitle "CB17_2024"]
[SourceDate "2024.04.24"]
[SourceVersion "1"]
[SourceVersionDate "2024.04.24"]
[SourceQuality "1"]

1. e4 c5 2. c3 Nf6 3. e5 Nd5 4. g3 e6 5. Bg2 d6 6. exd6 Bxd6 7. Nf3 0-0 8. 0-0 Nc6 9. Na3 a6 10. Nc4 Bc7 11. a4 Rb8 12. d4 b5 13. axb5 axb5 14. Ne3 cxd4 15. Nxd5 exd5 16. Nxd4 Nxd4 17. Qxd4 Be6 18. Bf4 Bxf4 19. Qxf4 b4 20. cxb4 Qb6 21. Ra4 Bd7 22. Ra5 Qxb4 23. Qxb4 Rxb4 24. Rxd5 Bb5 25. Rb1 Rb8 26. Rd2 Bc4 27. Rbd1 g6 28. Rd8+ Kg7 29. Rxb8 Rxb8 30. Rd2 Be6 31. h4 h5 32. Bf3 Rb3 33. Be4 Rb4 34. Bb1 Rb5 35. Kg2 Bd5+ 36. Kf1 Be6 37. Bd3 Rb4 38. Ke2 Rb3 39. Be4 Rb4 40. Ke3 Rb3+ 41. Kd4 Rb4+ 42. Kc5 Rxe4 43. b4 Rc4+ 44. Kb5 Rc1 45. Rb2 Kf6 46. Kb6 Kf5 47. b5 Kg4 48. Ka7 Kf3 49. b6 Bd5 50. Rd2 Ra1+ 51. Kb8 Rb1 52. Kc7 Be4 53. Ra2 Rb3 54. Ra4 f5 55. Ra2 Rb4 56. Rd2 Rb3 57. Ra2 Rb1 58. Rd2 Kg2 59. Ra2 Kf1 60. Rd2 Kg2 61. Ra2 Kh3 62. Rd2 Kg4 63. Ra2 Rf1 64. Rd2 Kf3 65. b7 Bxb7 66. Kxb7 Rxf2 67. Rd6 Kxg3 68. Rxg6+ Kxh4 69. Kc6 f4 70. Kd5 Re2 71. Kd4 f3 72. Kd3 Re8 73. Rf6 Kg3 74. Rg6+ Kf2 75. Rh6 Rd8+ 76. Ke4 Ke2 77. Rxh5 f2 78. Rh2 Rf8 79. Kd4 Ke1 80. Ke3 1-0

[Event "Titled Tuesday intern op 16th Apr Early"]
[Site "Chess.com INT"]
[Date "2024.04.16"]
[Round "7"]
[White "Filindash, Nikita"]
[Black "Kostiukov, Alexandr"]
[Result "1-0"]
[WhiteElo "2282"]
[BlackElo "2271"]
[PlyCount "89"]
[EventDate "2024.04.16"]
[EventType "swiss (blitz)"]
[EventRounds "11"]
[EventCountry "USA"]
[SourceTitle "CB17_2024"]
[SourceDate "2024.04.24"]
[SourceVersion "1"]
[SourceVersionDate "2024.04.24"]
[SourceQuality "1"]

1. d4 g6 2. c4 Bg7 3. Nc3 d6 4. e4 e5 5. Nf3 exd4 6. Nxd4 Nc6 7. Be3 Nge7 8. Be2 0-0 9. 0-0 f5 10. Nxc6 bxc6 11. exf5 Nxf5 12. Bf3 Nxe3 13. fxe3 Bd7 14. Qd2 Qh4 15. Rac1 Rae8 16. b3 Bh6 17. Rce1 Re7 18. Qd3 Rfe8 19. e4 Bf4 20. h3 Qg3 21. Ne2 Qh2+ 22. Kf2 Bg5 23. Rh1 Bh4+ 24. Ke3 Qe5 25. Rd1 Qg5+ 26. Kd4 Qa5 27. Qd2 Bf2+ 28. Kd3 Qc5 29. Kc2 d5 30. exd5 Bf5+ 31. Kb2 Re3 32. dxc6 Bh4 33. Qd5+ Qxd5 34. Bxd5+ Kg7 35. Nd4 Bf6 36. Ka3 Bd3 37. Ne6+ Kh6 38. Nxc7 Rc8 39. Nb5 Be7+ 40. Kb2 Bf6+ 41. Ka3 Be7+ 42. Ka4 Bc5 43. c7 Re2 44. a3 Ra2 45. Rxd3 1-0

[Event "Prague op 22nd"]
[Site "Prague"]
[Date "2024.01.11"]
[Round "8"]
[White "Arndt, Stefan"]
[Black "Filindash, Nikita"]
[Result "1-0"]
[WhiteElo "2130"]
[BlackElo "1916"]
[PlyCount "67"]
[EventDate "2024.01.05"]
[EventType "swiss"]
[EventRounds "9"]
[EventCountry "CZE"]
[SourceTitle "CB03_2024"]
[SourceDate "2024.01.17"]
[SourceVersion "1"]
[SourceVersionDate "2024.01.17"]
[SourceQuality "1"]

1. d4 d5 2. Nf3 e6 3. c4 c6 4. e3 Nf6 5. b3 Nbd7 6. Bd3 Bd6 7. Bb2 0-0 8. 0-0 b6 9. Nc3 Bb7 10. Rc1 Rc8 11. Qe2 Qe7 12. e4 dxe4 13. Nxe4 Nxe4 14. Qxe4 f5 15. Qe2 c5 16. Rfe1 Rfe8 17. d5 Nf6 18. Qxe6+ Qxe6 19. Rxe6 Rxe6 20. dxe6 Be4 21. Rd1 Re8 22. Bxf6 Bxf3 23. gxf3 gxf6 24. Bxf5 Rd8 25. Kg2 Be7 26. Rd7 Rxd7 27. exd7 Bd8 28. f4 Bc7 29. Kf3 h6 30. Ke4 Kf7 31. Kd5 Ke7 32. h3 Bxf4 33. Kc6 Kd8 34. Kb7 1-0

[Event "Klatovy op-A 29th"]
[Site "Klatovy"]
[Date "2023.07.03"]
[Round "3"]
[White "Formanek, Martin"]
[Black "Filindash, Nikita"]
[Result "0-1"]
[WhiteElo "2206"]
[BlackElo "2011"]
[PlyCount "74"]
[EventDate "2023.07.01"]
[EventType "swiss"]
[EventRounds "9"]
[EventCountry "CZE"]
[SourceTitle "CBM 215 Extra"]
[Source "ChessBase"]
[SourceDate "2023.09.30"]
[SourceVersion "1"]
[SourceVersionDate "2023.09.30"]
[SourceQuality "1"]

1. Nf3 d5 2. g3 Nf6 3. Bg2 e6 4. 0-0 c5 5. d3 Nc6 6. Nbd2 Be7 7. e4 0-0 8. Re1 Qc7 9. c3 b5 10. e5 Nd7 11. Qe2 a5 12. h4 Bb7 13. Nf1 Rfc8 14. N1h2 Qd8 15. h5 h6 16. Ng4 Qf8 17. Bf4 a4 18. Rac1 Nb6 19. Qd2 Kh8 20. Ngh2 Kh7 21. Bh3 Nd8 22. Qe2 a3 23. b3 c4 24. b4 Na4 25. d4 Nxc3 26. Rxc3 Bxb4 27. Rcc1 Bxe1 28. Qxe1 b4 29. Nd2 b3 30. axb3 a2 31. bxc4 Qa3 32. Ra1 dxc4 33. Ne4 Bxe4 34. Qxe4+ Kh8 35. Qc2 Rcb8 36. Nf1 Qb2 37. Qd1 Qxa1 0-1

[Event "Klatovy op-A 29th"]
[Site "Klatovy"]
[Date "2023.07.01"]
[Round "1"]
[White "Andrle, Filip"]
[Black "Filindash, Nikita"]
[Result "1/2-1/2"]
[WhiteElo "1692"]
[BlackElo "2011"]
[PlyCount "72"]
[EventDate "2023.07.01"]
[EventType "swiss"]
[EventRounds "9"]
[EventCountry "CZE"]
[SourceTitle "CBM 215 Extra"]
[Source "ChessBase"]
[SourceDate "2023.09.30"]
[SourceVersion "1"]
[SourceVersionDate "2023.09.30"]
[SourceQuality "1"]

1. e4 c5 2. c4 Nc6 3. Nc3 g6 4. g3 Bg7 5. Bg2 e6 6. Nge2 Nge7 7. 0-0 0-0 8. d3 Nd4 9. Nxd4 Bxd4 10. Nb5 Bg7 11. Rb1 a6 12. Nd6 Be5 13. Nxc8 Rxc8 14. b4 cxb4 15. Rxb4 Qc7 16. Be3 Nc6 17. Rb6 Rb8 18. Qb1 Qc8 19. Bf4 Bxf4 20. gxf4 Qc7 21. e5 f6 22. Bxc6 bxc6 23. Rxb8 Rxb8 24. Qa1 fxe5 25. fxe5 Qb6 26. Qc3 c5 27. Rd1 Qb2 28. Qxb2 Rxb2 29. d4 Rxa2 30. dxc5 Ra5 31. Rxd7 Rxc5 32. Rd6 Rxe5 33. Rxa6 Rc5 34. Rxe6 Rxc4 35. Re7 Rf4 36. Kg2 Rf7 1/2-1/2

[Event "Prague op"]
[Site "Prague"]
[Date "2023.06.22"]
[Round "1"]
[White "Adair, James R"]
[Black "Filindash, Nikita"]
[Result "1/2-1/2"]
[WhiteElo "2442"]
[BlackElo "2011"]
[PlyCount "105"]
[EventDate "2023.06.22"]
[EventType "swiss"]
[EventRounds "9"]
[EventCountry "CZE"]
[SourceTitle "CBM 215 Extra"]
[Source "ChessBase"]
[SourceDate "2023.09.30"]
[SourceVersion "1"]
[SourceVersionDate "2023.09.30"]
[SourceQuality "1"]

1. e4 c5 2. Nf3 d6 3. d4 cxd4 4. Nxd4 Nf6 5. Nc3 a6 6. Bd3 e5 7. Nde2 Nbd7 8. Ng3 Nc5 9. Be2 b5 10. b4 Ne6 11. 0-0 Bb7 12. a4 bxa4 13. Rxa4 Be7 14. Be3 Rc8 15. Nd5 Nxd5 16. exd5 Nc7 17. Bb6 Qd7 18. c4 0-0 19. f4 Na8 20. Bf2 exf4 21. Nh5 f3 22. Qa1 f6 23. gxf3 Qf5 24. Ng3 Qg5 25. Qd4 Qe5 26. Bd3 Bd8 27. Nf5 Nb6 28. Qg4 g6 29. Bd4 Qe8 30. Nxd6 Qxa4 31. Qe6+ Kg7 32. Nxb7 Re8 33. Nxd8 Rxe6 34. Nxe6+ Kf7 35. Bxb6 Qxb4 36. c5 Qb3 37. Bxa6 Ra8 38. Nc7 Qe3+ 39. Kg2 Rxa6 40. Nxa6 Qd2+ 41. Kh1 Qe2 42. Kg1 Qe3+ 43. Rf2 Qc1+ 44. Kg2 Qg5+ 45. Kf1 Qc1+ 46. Ke2 Qc2+ 47. Ke3 Qc3+ 48. Ke2 Qc2+ 49. Kf1 Qc1+ 50. Kg2 Qg5+ 51. Kh1 Qc1+ 52. Kg2 Qg5+ 53. Kf1 1/2-1/2

[Event "CZE-ch U10"]
[Site "Teplice"]
[Date "2023.03.15"]
[Round "6"]
[White "Filindash, Nikita"]
[Black "Kroulik, Stepan"]
[Result "1-0"]
[WhiteElo "2021"]
[BlackElo "1228"]
[PlyCount "73"]
[EventDate "2023.03.11"]
[EventType "swiss"]
[EventRounds "9"]
[EventCountry "CZE"]
[SourceTitle "CBM 213 Extra"]
[Source "ChessBase"]
[SourceDate "2023.05.31"]
[SourceVersion "1"]
[SourceVersionDate "2023.05.31"]
[SourceQuality "1"]

1. d4 Nf6 2. c4 g6 3. Nc3 d5 4. cxd5 Nxd5 5. e4 Nxc3 6. bxc3 Bg7 7. Nf3 c5 8. Be3 Qa5 9. Qd2 Nc6 10. Rc1 cxd4 11. cxd4 Qxd2+ 12. Kxd2 0-0 13. d5 Rd8 14. Ke1 Nb4 15. Bd2 Na6 16. Bb5 f5 17. e5 b6 18. Bg5 Kf7 19. d6 Bf8 20. Bc4+ Be6 21. Bxa6 h6 22. Bxe7 Bxe7 23. Rc7 Rd7 24. Rxd7 Bxd7 25. Bc4+ Be6 26. Bxe6+ Kxe6 27. dxe7 Kxe7 28. Kd2 Rd8+ 29. Kc3 Rd5 30. Nd4 a6 31. Re1 Rc5+ 32. Kd3 Rd5 33. Rc1 Kd7 34. f4 Ra5 35. Rc2 h5 36. e6+ Ke8 37. Rc8+ 1-0

[Event "Basel Carnival op"]
[Site "Basel"]
[Date "2023.02.26"]
[Round "5"]
[White "Sasata, Robert"]
[Black "Filindash, Nikita"]
[Result "1-0"]
[WhiteElo "2217"]
[BlackElo "1952"]
[PlyCount "89"]
[EventDate "2023.02.24"]
[EventType "swiss"]
[EventRounds "5"]
[EventCountry "SUI"]
[SourceTitle "CBM 213 Extra"]
[Source "ChessBase"]
[SourceDate "2023.05.31"]
[SourceVersion "1"]
[SourceVersionDate "2023.05.31"]
[SourceQuality "1"]

1. d4 d5 2. c4 e6 3. Nc3 c6 4. e4 dxe4 5. Nxe4 Bb4+ 6. Bd2 Qxd4 7. Bxb4 Qxe4+ 8. Ne2 Na6 9. Bf8 Ne7 10. Bxg7 Rg8 11. Bc3 Bd7 12. Qd4 Qxd4 13. Nxd4 e5 14. Nc2 Ng6 15. 0-0-0 0-0-0 16. h4 f6 17. h5 Nf4 18. Ne3 Rg5 19. h6 Nc5 20. g3 Ng6 21. Be2 Ne4 22. Be1 f5 23. Bf3 Nc5 24. Rh5 Rxh5 25. Bxh5 Ne7 26. b4 Ne4 27. c5 Be6 28. Be2 Rxd1+ 29. Kxd1 Nd5 30. Nxd5 Bxd5 31. Bd3 Be6 32. g4 Kd7 33. a3 Ke8 34. Ke2 Kf7 35. gxf5 Bd5 36. Ke3 Nf6 37. f3 Nh5 38. Bh4 Nf4 39. Bf1 Nh5 40. Bd8 Ng3 41. Bh3 Nh5 42. Bg4 Nf6 43. Bc7 Nd7 44. Bh5+ Kf6 45. Bd8+ 1-0

[Event "Prague op 21st"]
[Site "Prague"]
[Date "2023.01.06"]
[Round "1"]
[White "Goroshkov, Maksym"]
[Black "Filindash, Nikita"]
[Result "1-0"]
[WhiteElo "2261"]
[BlackElo "1914"]
[PlyCount "73"]
[EventDate "2023.01.06"]
[EventType "swiss"]
[EventRounds "9"]
[EventCountry "CZE"]
[SourceTitle "CBM 212 Extra"]
[Source "ChessBase"]
[SourceDate "2023.03.31"]
[SourceVersion "1"]
[SourceVersionDate "2023.03.31"]
[SourceQuality "1"]

1. d4 d5 2. Nf3 c5 3. e3 e6 4. c3 Nc6 5. Bd3 Nf6 6. Nbd2 Bd6 7. 0-0 0-0 8. e4 dxe4 9. Nxe4 Nxe4 10. Bxe4 h6 11. dxc5 Bxc5 12. Bf4 Qf6 13. Bg3 Rd8 14. Qe2 Bd7 15. Rad1 Be8 16. Bh4 g5 17. Bg3 Rxd1 18. Rxd1 Rd8 19. h4 Rxd1+ 20. Qxd1 g4 21. Ne1 h5 22. Nd3 Bb6 23. Qd2 Qg7 24. Nf4 Qe5 25. Nd5 Qg7 26. Nxb6 axb6 27. Qe3 b5 28. a3 Kh8 29. Bd3 Ne7 30. Qc5 Nd5 31. Qc8 Qg8 32. Qxb7 Qg7 33. Qb8 Qg8 34. a4 bxa4 35. c4 Nf6 36. Be5 Kg7 37. Qd8 1-0

[Event "South Moravia Region-chT 2223"]
[Site "Czech Republic"]
[Date "2022.11.27"]
[Round "4.6"]
[White "Krena, Bohuslav"]
[Black "Filindash, Nikita"]
[Result "0-1"]
[WhiteElo "1887"]
[BlackElo "2021"]
[PlyCount "70"]
[EventDate "2022.10.09"]
[EventType "team-tourn"]
[EventRounds "11"]
[EventCountry "CZE"]
[SourceTitle "EXT 2024"]
[Source "ChessBase"]
[SourceDate "2023.10.10"]
[SourceVersion "1"]
[SourceVersionDate "2023.10.10"]
[SourceQuality "1"]

1. c4 e6 2. e4 c5 3. Nc3 Nc6 4. Nf3 Nf6 5. d4 cxd4 6. Nxd4 Bb4 7. Nxc6 bxc6 8. Bd3 d6 9. Bd2 a5 10. 0-0 0-0 11. Rc1 Ba6 12. Be3 Bxc3 13. Rxc3 c5 14. e5 dxe5 15. Bxc5 Re8 16. Qe2 Qc7 17. Ba3 Rad8 18. Re1 Rd4 19. Qxe5 Qd7 20. Bf1 Ng4 21. Qxa5 Rd2 22. Rf3 Bb7 23. Rf4 f5 24. Rxf5 Ra8 25. Qb6 Rxa3 26. Rg5 Ra6 27. Qb3 Nxf2 28. c5 Rc6 29. Bb5 Qd4 30. Qe3 Qxe3 31. Rxe3 Rc8 32. Rxe6 Rf8 33. Re7 Rd1+ 34. Bf1 Nh3+ 35. gxh3 Rdxf1# 0-1

[Event "Prague Golden op"]
[Site "Prague"]
[Date "2022.07.13"]
[Round "5"]
[White "Ptacnikova, Lenka"]
[Black "Filindash, Nikita"]
[Result "1-0"]
[WhiteElo "2066"]
[BlackElo "1543"]
[PlyCount "67"]
[EventDate "2022.07.09"]
[EventType "swiss"]
[EventRounds "9"]
[EventCountry "CZE"]
[SourceTitle "CBM 209 Extra"]
[Source "ChessBase"]
[SourceDate "2022.09.30"]
[SourceVersion "1"]
[SourceVersionDate "2022.09.30"]
[SourceQuality "1"]

1. d4 d5 2. Nc3 e6 3. Bf4 c5 4. e3 a6 5. g4 Nc6 6. Bg2 cxd4 7. exd4 Bd6 8. Bxd6 Qxd6 9. Nge2 h5 10. g5 Nge7 11. a3 b5 12. Qd2 g6 13. f4 Nf5 14. 0-0 Kf8 15. Bh3 Nfe7 16. Nd1 Kg7 17. Nf2 a5 18. Nd3 a4 19. c3 Na5 20. Rae1 Bd7 21. Nec1 Rhc8 22. Qf2 Nb7 23. Ne5 Re8 24. Ncd3 Bc8 25. Re2 Nf5 26. Rfe1 Re7 27. Nb4 Na5 28. Qf3 Raa7 29. Bxf5 exf5 30. Qxd5 Qxd5 31. Nxd5 Re6 32. Nf6 Rae7 33. Kf2 Ba6 34. d5 1-0

[Event "Prague Golden op"]
[Site "Prague"]
[Date "2022.07.11"]
[Round "3"]
[White "Mikhno, Artem"]
[Black "Filindash, Nikita"]
[Result "1-0"]
[WhiteElo "1455"]
[BlackElo "1543"]
[PlyCount "67"]
[EventDate "2022.07.09"]
[EventType "swiss"]
[EventRounds "9"]
[EventCountry "CZE"]
[SourceTitle "CBM 209 Extra"]
[Source "ChessBase"]
[SourceDate "2022.09.30"]
[SourceVersion "1"]
[SourceVersionDate "2022.09.30"]
[SourceQuality "1"]

1. d4 d5 2. c4 e6 3. Nc3 c6 4. Nf3 dxc4 5. e4 b5 6. a4 Bb4 7. Bd2 a5 8. axb5 Bxc3 9. Bxc3 cxb5 10. d5 Nf6 11. Bxf6 Qxf6 12. e5 Qd8 13. d6 Bd7 14. g3 Bc6 15. Bg2 0-0 16. 0-0 Nd7 17. Re1 Rc8 18. Nd4 Bxg2 19. Kxg2 Rc5 20. f4 Qb6 21. Qc2 Rd5 22. Nf3 Nc5 23. Ng5 Nd3 24. Re2 Qc6 25. Ne4 Rd4 26. Kf3 f5 27. exf6 gxf6 28. g4 f5 29. gxf5 exf5 30. Qc3 Rxe4 31. Rg1+ Kf7 32. Rg7+ Ke8 33. d7+ Kd8 34. Qxa5+ 1-0

[Event "Prague Menchik Memorial Rapid"]
[Site "Prague"]
[Date "2022.06.05"]
[Round "4"]
[White "Filindash, Nikita"]
[Black "Varga, David"]
[Result "1/2-1/2"]
[WhiteElo "1430"]
[BlackElo "2323"]
[PlyCount "92"]
[EventDate "2022.06.05"]
[EventType "swiss (rapid)"]
[EventRounds "7"]
[EventCountry "CZE"]
[SourceTitle "CBM 208 Extra"]
[Source "ChessBase"]
[SourceDate "2022.07.31"]
[SourceVersion "1"]
[SourceVersionDate "2022.07.31"]
[SourceQuality "1"]

1. d4 Nf6 2. c4 e6 3. Nc3 d5 4. cxd5 exd5 5. Bg5 Be7 6. e3 0-0 7. Bd3 Re8 8. Nf3 Bg4 9. Qb3 Nc6 10. Ne5 Nxe5 11. dxe5 Nd7 12. Bxe7 Qxe7 13. 0-0 Nc5 14. Qc2 Qxe5 15. Bxh7+ Kh8 16. h3 Bd7 17. Rad1 c6 18. Bd3 Re6 19. Bf5 Rh6 20. Bxd7 Nxd7 21. Qe2 Re8 22. Rd4 Qxd4 23. exd4 Rxe2 24. Nxe2 Re6 25. Nc3 Kg8 26. Rd1 Kf8 27. Kf1 Ke7 28. f3 Kd6 29. Kf2 b5 30. b3 a5 31. g3 Nb8 32. Ne2 Na6 33. a3 Re8 34. Nf4 Nc7 35. Nd3 Ne6 36. Ne5 f6 37. Ng4 a4 38. b4 Nc7 39. Ne3 g6 40. Ng4 Re6 41. Ne3 Na8 42. Ng4 Nb6 43. Rd3 Nc4 44. Ne3 Nb6 45. Rc3 Re8 46. Rd3 Re7 1/2-1/2

[Event "Wch U10 blitz"]
[Site "Rhodes"]
[Date "2022.05.03"]
[Round "5"]
[White "Filindash, Nikita"]
[Black "Korchevskyi, Volodymyr"]
[Result "1-0"]
[WhiteElo "1279"]
[BlackElo "1399"]
[PlyCount "50"]
[EventDate "2022.05.03"]
[EventType "swiss (blitz)"]
[EventRounds "9"]
[EventCountry "GRE"]
[SourceTitle "CBM 208 Extra"]
[Source "ChessBase"]
[SourceDate "2022.07.31"]
[SourceVersion "1"]
[SourceVersionDate "2022.07.31"]
[SourceQuality "1"]

1. d4 Nf6 2. c4 e5 3. d5 d6 4. Nc3 Bf5 5. Bg5 Nbd7 6. e4 Bg6 7. Bd3 h6 8. Bh4 Be7 9. Nf3 Nxd5 10. Nxd5 Bxh4 11. Nxh4 Qxh4 12. Nxc7+ Ke7 13. Nxa8 Rxa8 14. 0-0 Bxe4 15. g3 Bxd3 16. gxh4 Bxf1 17. Qxf1 Rc8 18. b3 Nf6 19. Qe2 g5 20. hxg5 hxg5 21. Rd1 b6 22. Qd2 Rd8 23. f3 g4 24. fxg4 Rg8 25. Qxd6+ Ke8 1-0

[Event "Wch U10 blitz"]
[Site "Rhodes"]
[Date "2022.05.03"]
[Round "7"]
[White "Filindash, Nikita"]
[Black "Zhao, George"]
[Result "1-0"]
[WhiteElo "1279"]
[BlackElo "1532"]
[PlyCount "75"]
[EventDate "2022.05.03"]
[EventType "swiss (blitz)"]
[EventRounds "9"]
[EventCountry "GRE"]
[SourceTitle "CBM 208 Extra"]
[Source "ChessBase"]
[SourceDate "2022.07.31"]
[SourceVersion "1"]
[SourceVersionDate "2022.07.31"]
[SourceQuality "1"]

1. d4 e6 2. c4 Nf6 3. Nc3 Bb4 4. e3 c5 5. Nge2 Nc6 6. a3 Bxc3+ 7. Nxc3 cxd4 8. exd4 0-0 9. Be2 Qb6 10. d5 exd5 11. cxd5 Nd4 12. Be3 Qxb2 13. Bxd4 Re8 14. 0-0 Rb8 15. Ne4 Qxa1 16. Nxf6+ gxf6 17. Bxa1 d6 18. Bg4 f5 19. Bh5 Bd7 20. Qd4 Re5 21. f4 f6 22. fxe5 fxe5 23. Qh4 Rf8 24. Qg5+ Kh8 25. Qe7 Rg8 26. Qxd7 Rg7 27. Qd8+ Rg8 28. Qf6+ Rg7 29. Rxf5 h6 30. Qxh6+ Kg8 31. Bxe5 dxe5 32. Bf7+ Kf8 33. Qh8+ Ke7 34. Qxg7 Kd6 35. Qxe5+ Kc5 36. d6+ Kc6 37. Qc5+ Kd7 38. Qc7# 1-0

[Event "Wch U10 blitz"]
[Site "Rhodes"]
[Date "2022.05.03"]
[Round "6"]
[White "Negrean, Andrei"]
[Black "Filindash, Nikita"]
[Result "1-0"]
[WhiteElo "1862"]
[BlackElo "1279"]
[PlyCount "151"]
[EventDate "2022.05.03"]
[EventType "swiss (blitz)"]
[EventRounds "9"]
[EventCountry "GRE"]
[SourceTitle "CBM 208 Extra"]
[Source "ChessBase"]
[SourceDate "2022.07.31"]
[SourceVersion "1"]
[SourceVersionDate "2022.07.31"]
[SourceQuality "1"]

1. d4 d5 2. c4 e6 3. Nf3 Nf6 4. g3 Be7 5. Bg2 0-0 6. 0-0 dxc4 7. Qc2 Nc6 8. Qxc4 Bd7 9. Nc3 a6 10. Qd3 Nb4 11. Qd1 Bc6 12. a3 Nbd5 13. Ne5 Nxc3 14. Nxc6 Nxd1 15. Nxd8 Raxd8 16. Rxd1 b6 17. Bf4 Bd6 18. Rac1 Bxf4 19. gxf4 Rd7 20. Bc6 Re7 21. e3 Rd8 22. Rd2 a5 23. Rdc2 Rb8 24. Bf3 Ne8 25. Bc6 Nd6 26. Ba4 b5 27. Bb3 Rb7 28. Rc6 Kf8 29. Ra6 a4 30. Ba2 g6 31. Ra8+ Re8 32. Rxe8+ Kxe8 33. Kf1 Kd7 34. Ke2 b4 35. axb4 Rxb4 36. Rc2 Nb5 37. Bc4 Nd6 38. Bd3 f5 39. Kd2 Rb3 40. h4 a3 41. bxa3 Rxa3 42. Rc1 Ra2+ 43. Rc2 Ra1 44. Ke2 Rh1 45. Kf3 Rxh4 46. Bf1 Rh6 47. Kg2 Rh5 48. Be2 Rh6 49. f3 Nf7 50. Bb5+ Kd8 51. Ra2 g5 52. Ra8+ Ke7 53. fxg5 Nxg5 54. Rc8 Rg6 55. Rxc7+ Kd8 56. Rd7+ Kc8 57. Kf2 h5 58. Re7 h4 59. Re8+ Kc7 60. Rh8 Nh3+ 61. Ke2 Rg2+ 62. Kd3 Nf2+ 63. Kc3 Nd1+ 64. Kd3 Rh2 65. e4 Nf2+ 66. Ke3 fxe4 67. fxe4 Ng4+ 68. Kf4 Nf2 69. Ke5 h3 70. Kxe6 Rg2 71. Bf1 Rg1 72. Bxh3 Rh1 73. d5 Nxh3 74. d6+ Kb7 75. Ke7 Nf4 76. Rxh1 1-0

[Event "EU-ch Schools U09"]
[Site "Rhodes"]
[Date "2022.04.23"]
[Round "3"]
[White "Filindash, Nikita"]
[Black "Mihaylov, Bozhidar1111"]
[Result "1/2-1/2"]
[WhiteElo "1404"]
[BlackElo "1257"]
[PlyCount "114"]
[EventDate "2022.04.21"]
[EventType "swiss"]
[EventRounds "9"]
[EventCountry "GRE"]
[SourceTitle "CBM 208 Extra"]
[Source "ChessBase"]
[SourceDate "2022.07.31"]
[SourceVersion "1"]
[SourceVersionDate "2022.07.31"]
[SourceQuality "1"]

1. d4 d5 2. c4 e6 3. Nc3 Nf6 4. cxd5 exd5 5. Bg5 Be7 6. e3 0-0 7. Bd3 c6 8. Nf3 Be6 9. 0-0 Nbd7 10. Qc2 h6 11. Bh4 Rc8 12. Rfe1 Re8 13. Rac1 c5 14. dxc5 Nxc5 15. Bf5 Bxf5 16. Qxf5 g6 17. Qb1 Nce4 18. Red1 Nxc3 19. bxc3 Ne4 20. Bxe7 Qxe7 21. Qb3 Qf6 22. Rd4 Qc6 23. c4 b5 24. c5 Red8 25. Qd1 Qe6 26. Qb3 a6 27. Qb4 Rc7 28. Nd2 Nxd2 29. Rxd2 Qc6 30. Qd4 Rcd7 31. Rcd1 a5 32. a3 a4 33. Qb4 Re8 34. Rd4 Re4 35. g3 Rxd4 36. exd4 Re7 37. Qd2 Qe6 38. f3 Kh7 39. Rc1 Qc6 40. Re1 Rxe1+ 41. Qxe1 Qf6 42. Qc3 Qc6 43. Kf2 Kg7 44. Qa5 Qf6 45. Qc3 Qc6 46. Qd3 Qd7 47. g4 Qe8 48. Qe2 Qc6 49. Qe5+ Kg8 50. Qb8+ Kg7 51. g5 hxg5 52. Qb6 Qd7 53. c6 Qh3 54. c7 Qxh2+ 55. Ke3 Qg1+ 56. Kd3 Qd1+ 57. Kc3 Qe1+ 1/2-1/2

[Event "EU-ch Hybrid U08"]
[Site "Tornelo INT"]
[Date "2021.10.15"]
[Round "7"]
[White "Filindash, Nikita"]
[Black "Brzezina, Pawel"]
[Result "1-0"]
[WhiteElo "1448"]
[BlackElo "1168"]
[PlyCount "87"]
[EventDate "2021.10.15"]
[EventType "swiss"]
[EventRounds "9"]
[EventCountry "NET"]
[SourceTitle "EXT 2023"]
[Source "ChessBase"]
[SourceDate "2022.10.05"]
[SourceVersion "1"]
[SourceVersionDate "2022.10.05"]
[SourceQuality "1"]
[WhiteTeam "Ukraine"]
[BlackTeam "Poland"]
[WhiteTeamCountry "UKR"]
[BlackTeamCountry "POL"]

1. d4 d5 2. c4 c6 3. cxd5 cxd5 4. Bf4 Nc6 5. e3 Nf6 6. Nc3 Bf5 7. Qb3 Na5 8. Qa4+ Bd7 9. Qc2 e6 10. Bd3 Be7 11. Nf3 Rc8 12. Qe2 a6 13. 0-0 0-0 14. Rac1 b5 15. b3 Qb6 16. Ne5 Ba3 17. Rc2 Nc6 18. Nb1 Be7 19. Bg5 Qb7 20. Nxc6 Rxc6 21. Rfc1 Rfc8 22. Rxc6 Rxc6 23. Rxc6 Qxc6 24. Qc2 Qxc2 25. Bxc2 b4 26. Bd3 a5 27. Nd2 h6 28. Bf4 Ne8 29. Nf3 g5 30. Bb8 f6 31. Bg6 Bd8 32. Ne1 Nc7 33. Bxc7 Bxc7 34. Nd3 Bb6 35. f4 Kg7 36. Bh5 Bb5 37. Nc5 Bxc5 38. dxc5 Kf8 39. Kf2 Ke7 40. Be2 Bxe2 41. Kxe2 Kd7 42. Kd3 Kc6 43. Kd4 Kb5 44. f5 1-0

[Event "EU-ch Hybrid U08"]
[Site "Tornelo INT"]
[Date "2021.10.15"]
[Round "9"]
[White "Filindash, Nikita"]
[Black "Dronov, Ivan And"]
[Result "1/2-1/2"]
[WhiteElo "1448"]
[BlackElo "1083"]
[PlyCount "106"]
[EventDate "2021.10.15"]
[EventType "swiss"]
[EventRounds "9"]
[EventCountry "NET"]
[SourceTitle "EXT 2023"]
[Source "ChessBase"]
[SourceDate "2022.10.05"]
[SourceVersion "1"]
[SourceVersionDate "2022.10.05"]
[SourceQuality "1"]
[WhiteTeam "Ukraine"]
[BlackTeam "Russia"]
[WhiteTeamCountry "UKR"]
[BlackTeamCountry "RUS"]

1. d4 Nf6 2. c4 e6 3. Nf3 b6 4. Nc3 Bb4 5. a3 Bxc3+ 6. bxc3 Bb7 7. e3 d6 8. Bd3 Ne4 9. Qc2 f5 10. 0-0 Nd7 11. Nd2 Nxd2 12. Bxd2 0-0 13. f3 Qe7 14. Rae1 h6 15. Qc1 Nf6 16. e4 fxe4 17. fxe4 e5 18. Rf3 Rae8 19. Qd1 c5 20. d5 Nh7 21. Ref1 Ng5 22. Rxf8+ Rxf8 23. Rxf8+ Kxf8 24. Qg4 Nh7 25. Qf5+ Nf6 26. g4 Qf7 27. h4 Ng8 28. Qxf7+ Kxf7 29. g5 h5 30. Be2 g6 31. Kf2 Ne7 32. Ke3 Nc8 33. Bd1 Ke7 34. Kd3 Kd8 35. Ba4 Ke7 36. Bd1 Kd8 37. Bc2 Ke7 38. Be1 Kd8 39. Bb3 Ke7 40. Ba4 Kd8 41. Bd1 Ke7 42. Bg3 Kd8 43. Bf2 Ke7 44. Bb3 Kf7 45. Ba4 Ke7 46. Bd1 Kf7 47. Be1 Ke7 48. Bb3 Kf7 49. Ba4 Ke7 50. Bb3 Kf7 51. Bg3 Ke7 52. Bh2 Kf7 53. Bd1 Ke7 1/2-1/2

[Event "Kiev Spring op"]
[Site "Kiev"]
[Date "2021.07.14"]
[Round "6"]
[White "Khatniuk, Anastasiia"]
[Black "Filindash, Nikita"]
[Result "0-1"]
[WhiteElo "1668"]
[BlackElo "1230"]
[PlyCount "64"]
[EventDate "2021.07.10"]
[EventType "swiss"]
[EventRounds "9"]
[EventCountry "UKR"]
[SourceTitle "EXT 2024"]
[Source "ChessBase"]
[SourceDate "2023.10.10"]
[SourceVersion "1"]
[SourceVersionDate "2023.10.10"]
[SourceQuality "1"]

1. e4 c5 2. Nf3 d6 3. d4 cxd4 4. Nxd4 Nf6 5. Nc3 a6 6. Bc4 e6 7. Bb3 b5 8. 0-0 Bb7 9. Re1 b4 10. Nd5 a5 11. a3 Be7 12. Nxe7 Qxe7 13. axb4 axb4 14. Rxa8 Bxa8 15. Ba4+ Nbd7 16. Nb5 0-0 17. f3 Bc6 18. Bf4 e5 19. Be3 Rb8 20. Qd3 Nc5 21. Bxc5 dxc5 22. b3 Rd8 23. Qe3 Be8 24. c3 Bxb5 25. Bxb5 Nh5 26. Rc1 bxc3 27. Qxc3 Nf4 28. Qxc5 Rd1+ 29. Bf1 Ne2+ 30. Kf2 Qh4+ 31. Ke3 Qf4+ 32. Kxe2 Qd2# 0-1